| 000 | 00488nam a2200157 i 4500 | ||
|---|---|---|---|
| 001 | 142611 | ||
| 003 | ES-MaACL | ||
| 005 | 20230906200555.0 | ||
| 007 | t| | ||
| 008 | 071009s1961 sp ||||1| spa d | ||
| 100 | 1 |
_aViada y López-Puigcerver, Carlos. _9114256 |
|
| 245 | 1 | 0 |
_aDoctrina penal de la fiscalía del Tribunal Supremo / _cCarlos Viada y López-Puigcerver. |
| 260 |
_aMadrid : _bAguilar, _c1961. |
||
| 300 |
_aXXIII, 363 p. ; _c19 cm. |
||
| 852 |
_aES-MaACL _jC-20650 _bR.48171 |
||
| 999 |
_c142611 _d142611 |
||